| 000 | 00970cam a2200253 a 4500 | ||
|---|---|---|---|
| 999 |
_c329845 _d329845 |
||
| 001 | 14241647 | ||
| 003 | NUST | ||
| 005 | 20170523150728.0 | ||
| 008 | 060126s2005 pk b 001 0deng | ||
| 010 | _a 2006334004 | ||
| 020 | _a9693517547 | ||
| 040 |
_aDLC _cDLC _dDLC |
||
| 043 | _aa-ii--- | ||
| 050 | 0 | 0 |
_aBP80.W26 _bS54 2005 |
| 082 | _a923.4 CHA | ||
| 245 | 0 | 0 |
_aShah Waliullah (1703 - 1762) : _bhis religious and political thought / _cedited & annotated by M. Ikrām Chaghatai. |
| 260 |
_aLahore : _bSang-e-Meel Publications, _c2005. |
||
| 300 |
_a743 p. : _c25 cm. |
||
| 504 | _aIncludes bibliographical references (p. [695] - 714) and index. | ||
| 600 | 0 | 0 |
_aWali Allāh al-Dihlawī, _d1702 or 1703-1762 or 1763. _91375 |
| 650 | 0 |
_aMuslim scholars _zIndia _vBiography. _91376 |
|
| 700 | 1 |
_aCug̲h̲tāʼī, Muḥammad Ikrām. _91316 |
|
| 906 |
_a7 _bcbc _corigode _d3 _encip _f20 _gy-gencatlg |
||
| 942 |
_2ddc _cBK |
||